Sports Quiz

Random Sports or Baseball Quiz

1970 Topps Baseball Hall of Famers Quiz Stats

 Plays Quiz not verified by Sporcle

Challenge
Share
Tweet
Embed
Score 0/43 Timer 05:00
0 Plays Today
Card # Player % Correct
300Tom Seaver
98.8%
10Carl Yastrzemski
98.4%
230Brooks Robinson
98%
660Johnny Bench
98%
700Frank Robinson
97.9%
250Willie McCovey
97.7%
470Willie Stargell
97.4%
350Roberto Clemente
96.9%
150Harmon Killebrew
96.8%
500Hank Aaron
96.8%
449Jim Palmer
96.7%
220Steve Carlton
96.6%
140Reggie Jackson
96%
600Willie Mays
96%
290Rod Carew
95.8%
170Billy Williams
95.6%
211Ted Williams
95.6%
537Joe Morgan
95.4%
640Al Kaline
95%
670Ron Santo
94.5%
160Phil Niekro
94.4%
148Earl Weaver
94.1%
Card # Player % Correct
530Bob Gibson
94%
565Jim 'Catfish' Hunter
93.6%
181Sparky Anderson
93.1%
630Ernie Banks
93.1%
712Nolan Ryan
92.8%
240Fergie Jenkins
92.5%
330Lou Brock
92.3%
380Tony Perez
92%
210Juan Marichal
90.7%
622Don Sutton
89.9%
315Luis Aparicio
88.7%
190Joe Torre
87.9%
560Gaylord Perry
86.9%
502Rollie Fingers
85.3%
440Bill Mazeroski
84.7%
242Walter Alston
83.9%
555Orlando Cepeda
71.7%
403Jim Bunning
67.2%
291Leo Durocher
66.6%
346Red Schoendienst
64.5%
17Hoyt Wilhelm
56.4%

You're not logged in!

Compare scores with friends on all Sporcle quizzes.
Join for Free
OR
Log In

You Might Also Like...

Show Comments

Extras

Top Quizzes Today


Score Distribution

Your Account Isn't Verified!

In order to create a playlist on Sporcle, you need to verify the email address you used during registration. Go to your Sporcle Settings to finish the process.

Report this User

Report this user for behavior that violates our Community Guidelines.

Details: